00593nam a2200169 i 450000100060000000300090000600500170001500700030003200800410003510000220007624500630009826000680016130000350022985200210026499900170028595201210030230192ES-MaACL20230906154143.0t|030123s1904 fr ||||1| fre d1 aBarral, E.92583310aPrécis d'Analyse chimique qualitative / cpar E. Barral. aParís : bBailliere et Fils, c1904 (eCorbeil : fCrété) aVII, 496 p. : bil. ; c19 cm. aES-MaACLjD-1477 c30192d30192 00104070aATENEOMbATENEOMcSVId2008-01-17eSCl0oD-1477p901031170r2023-02-23 00:00:00w2023-02-23yMONOGRAFIA